000 00493nam a22002051a 4500
001 2865
003 OSt
005 20260204211828.0
008 040405s1999||||sp ||||||b||||||||||spa||
020 _a8475670385
050 _a823.3 S15o
082 _a808.83 S14o
100 _aShakespeare, William
245 _aOtelo, el moro de Venecia / William Shakespeare
264 _aEspaña : Alba
300 _a156 p
500 _aIncluye indice
650 _aNovela InglesaÌ
942 _2ddc
_cBK
999 _c2865
_d2865